<?xml version="1.0" encoding="UTF-8"?>
<record
    xmlns:xsi="http://www.w3.org/2001/XMLSchema-instance"
    xsi:schemaLocation="http://www.loc.gov/MARC21/slim http://www.loc.gov/standards/marcxml/schema/MARC21slim.xsd"
    xmlns="http://www.loc.gov/MARC21/slim">

  <leader>01251nam2a22002651  4500</leader>
  <controlfield tag="001">RU\NLR\INFOCOMM29\5000100067</controlfield>
  <controlfield tag="005">20250617034547.0</controlfield>
  <datafield tag="035" ind1=" " ind2=" ">
    <subfield code="a">(NLR Aleph) 002424045</subfield>
  </datafield>
  <datafield tag="090" ind1=" " ind2=" ">
    <subfield code="a">1931653</subfield>
    <subfield code="c">1931653</subfield>
  </datafield>
  <datafield tag="100" ind1=" " ind2=" ">
    <subfield code="a">20050131d1888    |||y0rusy50      ca</subfield>
  </datafield>
  <datafield tag="101" ind1="0" ind2=" ">
    <subfield code="a">rus</subfield>
  </datafield>
  <datafield tag="102" ind1=" " ind2=" ">
    <subfield code="a">RU</subfield>
  </datafield>
  <datafield tag="105" ind1=" " ind2=" ">
    <subfield code="a">y   ||||000|y</subfield>
  </datafield>
  <datafield tag="200" ind1="1" ind2=" ">
    <subfield code="a">&#x421;&#x43C;&#x443;&#x442;&#x43D;&#x43E;&#x435; &#x432;&#x440;&#x435;&#x43C;&#x44F; &#x43D;&#x430; &#x420;&#x443;&#x441;&#x438;</subfield>
    <subfield code="f">&#x410;.&#x41D;. &#x41E;&#x432;&#x441;&#x44F;&#x43D;&#x43D;&#x438;&#x43A;&#x43E;&#x432;</subfield>
  </datafield>
  <datafield tag="210" ind1=" " ind2=" ">
    <subfield code="d">1888</subfield>
    <subfield code="a">&#x411;. &#x43C;.</subfield>
  </datafield>
  <datafield tag="423" ind1=" " ind2="0">
    <subfield code="1">2001#$a&#x414;&#x432;&#x430; &#x441;&#x442;&#x438;&#x445;&#x43E;&#x442;&#x432;&#x43E;&#x440;&#x435;&#x43D;&#x438;&#x44F;: 1. &#x41D;&#x430;&#x440;&#x43E;&#x434;&#x43D;&#x430;&#x44F; &#x43F;&#x435;&#x441;&#x43D;&#x44F; &#x43E; &#x441;&#x43C;&#x443;&#x442;&#x43D;&#x43E;&#x43C; &#x432;&#x440;&#x435;&#x43C;&#x435;&#x43D;&#x438; &#x438; 2. &#x418;&#x432;&#x430;&#x43D; &#x421;&#x443;&#x441;&#x430;&#x43D;&#x438;&#x43D;</subfield>
    <subfield code="t">&#x414;&#x432;&#x430; &#x441;&#x442;&#x438;&#x445;&#x43E;&#x442;&#x432;&#x43E;&#x440;&#x435;&#x43D;&#x438;&#x44F;: 1. &#x41D;&#x430;&#x440;&#x43E;&#x434;&#x43D;&#x430;&#x44F; &#x43F;&#x435;&#x441;&#x43D;&#x44F; &#x43E; &#x441;&#x43C;&#x443;&#x442;&#x43D;&#x43E;&#x43C; &#x432;&#x440;&#x435;&#x43C;&#x435;&#x43D;&#x438; &#x438; 2. &#x418;&#x432;&#x430;&#x43D; &#x421;&#x443;&#x441;&#x430;&#x43D;&#x438;&#x43D;</subfield>
  </datafield>
  <datafield tag="461" ind1=" " ind2="0">
    <subfield code="1">001RU\NLR\INFOCOMM29\5000100010</subfield>
    <subfield code="1">2001#$a&#x427;&#x438;&#x442;&#x430;&#x43B;&#x44C;&#x43D;&#x44F; &#x43D;&#x430;&#x440;&#x43E;&#x434;&#x43D;&#x43E;&#x439; &#x448;&#x43A;&#x43E;&#x43B;&#x44B;$e&#x416;&#x443;&#x440;&#x43D;&#x430;&#x43B; &#x441; &#x43A;&#x430;&#x440;&#x442;&#x438;&#x43D;&#x43A;&#x430;&#x43C;&#x438;$v&#x413;.1 1888, &#x412;&#x44B;&#x43F;.8</subfield>
    <subfield code="9">1931490</subfield>
    <subfield code="c">&#x421;&#x41F;&#x431;.</subfield>
    <subfield code="d">1888-1915</subfield>
    <subfield code="n">&#x420;&#x435;&#x434;. &#x436;&#x443;&#x440;&#x43D;. "&#x420;&#x43E;&#x434;&#x43D;&#x438;&#x43A;"</subfield>
    <subfield code="o">&#x416;&#x443;&#x440;&#x43D;&#x430;&#x43B; &#x441; &#x43A;&#x430;&#x440;&#x442;&#x438;&#x43D;&#x43A;&#x430;&#x43C;&#x438;</subfield>
    <subfield code="t">&#x427;&#x438;&#x442;&#x430;&#x43B;&#x44C;&#x43D;&#x44F; &#x43D;&#x430;&#x440;&#x43E;&#x434;&#x43D;&#x43E;&#x439; &#x448;&#x43A;&#x43E;&#x43B;&#x44B;</subfield>
    <subfield code="v">&#x413;.1 1888, &#x412;&#x44B;&#x43F;.8</subfield>
  </datafield>
  <datafield tag="700" ind1=" " ind2="1">
    <subfield code="a">&#x41E;&#x432;&#x441;&#x44F;&#x43D;&#x43D;&#x438;&#x43A;&#x43E;&#x432;</subfield>
    <subfield code="b">&#x410;.&#x41D;.</subfield>
    <subfield code="4">070</subfield>
  </datafield>
  <datafield tag="801" ind1=" " ind2="1">
    <subfield code="a">RU</subfield>
    <subfield code="b">InfoComm</subfield>
    <subfield code="c">20050131</subfield>
  </datafield>
  <datafield tag="801" ind1=" " ind2="0">
    <subfield code="a">RU</subfield>
    <subfield code="b">NLR</subfield>
    <subfield code="g">PSBO</subfield>
  </datafield>
  <datafield tag="852" ind1=" " ind2=" ">
    <subfield code="a">NLR</subfield>
    <subfield code="j">2/1731</subfield>
  </datafield>
  <datafield tag="942" ind1=" " ind2=" ">
    <subfield code="c">ISSUE</subfield>
  </datafield>
  <datafield tag="980" ind1=" " ind2=" ">
    <subfield code="a">NB</subfield>
  </datafield>
  <datafield tag="980" ind1=" " ind2=" ">
    <subfield code="a">RUSPER</subfield>
  </datafield>
</record>
